Представление документа в формате MARC21

Поле Инд. ПП Название Значение
Тип записи a
Библиографический уровень m
001 Контрольный номер RU/IS/BASE/503064631
005 Дата корректировки 20230403143004.2
020 a ISBN 978-5-238-02384-7
084 a Индекс другой классификации/Индекс ББК 60.55-3я73
090 a Полочн. индекс 60.55-3я73
x Авторский знак Г 899
100 1_ a Автор Грошев И. В.
q Полное имя Грошев Игорь Васильевич
100 1_ a Автор Краснослободцев А. А.
q Полное имя Краснослободцев Алексей Александрович
245 10 a Заглавие Организационная культура
b Продолж. заглавия учебник для студентов вузов
c Ответственность рецензент А. И. Добрынин
250 a Основные сведения об издании 2-е изд., перераб. и доп.
260 a Место издания Москва
b Издательство ЮНИТИ-ДАНА
c Дата издания 2015
300 a Объем 535 с.
336 a Термин вида содержания Текст
337 a Термин типа средства непосредственный
541 1_ a Номер заявки 5273
b Заявитель Хозяинов М.С.
c Факультет/Кафедра/Подразделение Кафедра управления проектами
d Дата заявки 29.11.2015
f Дисциплина Современные организационные структуры и механизмы управления
n Количество экземпляров 15
650 04 a Основная рубрика организационное поведение
a Основная рубрика социология
a Основная рубрика социология организаций
653 0_ a Ключевые слова аттрактивность
a Ключевые слова бренд-менеджмент
a Ключевые слова гендерный аспект
a Ключевые слова девиантное поведение
a Ключевые слова деловая коммуникация
a Ключевые слова деловая этика
a Ключевые слова деловое общение
a Ключевые слова деловой этикет
a Ключевые слова институционализация
a Ключевые слова информационная культура
a Ключевые слова информационное обеспечение
a Ключевые слова информационный менеджмент
a Ключевые слова кадровые ресурсы
a Ключевые слова категории культуры
a Ключевые слова коммуникации
a Ключевые слова корпоративная культура
a Ключевые слова лидерство
a Ключевые слова манипулятивное поведение
a Ключевые слова менеджмент
a Ключевые слова менталитет
a Ключевые слова ментальность
a Ключевые слова модели
a Ключевые слова мотивация
a Ключевые слова неформальные группы
a Ключевые слова неформальные лидеры
a Ключевые слова онлайн-офис
a Ключевые слова организационная активность
a Ключевые слова организационная культура
a Ключевые слова организационные изменения
a Ключевые слова предпринимательская культура
a Ключевые слова психологические модели
a Ключевые слова речевая коммуникация
a Ключевые слова руководитель организации
a Ключевые слова руководитель предприятия
a Ключевые слова руководство
a Ключевые слова система ценностей
a Ключевые слова ситуационное поведение
a Ключевые слова социализация
a Ключевые слова социальная ответственность
a Ключевые слова субкультуры
a Ключевые слова теории мотивации
a Ключевые слова типологизация
a Ключевые слова типы лидерства
a Ключевые слова типы руководителя
a Ключевые слова управление
a Ключевые слова формальные группы
a Ключевые слова электронная коммуникация
a Ключевые слова электронный обмен документами
a Ключевые слова эмоциональность
655 a Жанр/ форма (устаревшее) учебное пособие
700 12 a Автор Добрынин А. И.
e Роль лиц рецензент
900 a Имя электронного ресурса obl_organizacionnau_kultura
x Справочная информация Обложка
901 t Тип документа m
952 a Тип литературы для КСУ ВШ УИ
954 a Гриф 1.1.0
a Гриф 1.3.2
a Гриф 4.73